[Event "II Torneo Internacional Puente Foral. C"]
[Site "Huarte (Navarra)"]
[Date "2007.12.03"]
[Round "2.4"]
[White "Cemborain Oricain, Alfonso"]
[Black "Leon Fernandez, Mario"]
[Result "0-1"]
[WhiteElo "2081"]
[BlackElo "2089"]
[PlyCount "120"]
[EventDate "2007.12.02"]

1. e4 e5 2. Nf3 Nc6 3. d4 exd4 4. Nxd4 Bc5 5. Be3 Qf6 6. c3 Nge7 7. Bc4 Ne5 8.
Be2 O-O 9. O-O N5g6 10. Nd2 Nf4 11. Bc4 d5 12. exd5 Nfxd5 13. Bxd5 Nxd5 14. Ne4
Qe7 15. Nxc5 Nxe3 16. fxe3 Qxc5 17. Qf3 Qe5 18. Qf4 Qa5 19. Nb3 Qb6 20. Rf2 Be6
21. Nd4 Rae8 22. b3 c5 23. Nxe6 Rxe6 24. c4 Qd8 25. Qf3 Qe7 26. Re1 Rd8 27.
Ree2 g6 28. e4 Re5 29. g4 Rd6 30. Kh1 Rf6 31. Qg3 Rfe6 32. Qf3 h5 33. h3 Qh4
34. Rf1 Re7 35. Rfe1 b6 36. Kh2 hxg4 37. Qxg4 Qf6 38. Qg3 Kg7 39. Re3 Qc6 40.
Qf3 Qd6 41. Kh1 Qe6 42. Kh2 Qc6 43. Kh1 f5 44. Kg1 Rxe4 45. Rxe4 Rxe4 46. Qf2
Rxe1+ 47. Qxe1 Qe4 48. Qc3+ Qd4+ 49. Qxd4+ cxd4 50. b4 Kf7 51. Kf2 f4 52. h4
Ke6 53. Ke2 Ke5 54. Kd3 f3 55. a3 Kf5 56. Kd2 Ke4 57. a4 Ke5 58. Kd3 Kd6 59.
Kd2 Ke6 60. Kd3 a5 0-1

[Event "II Torneo Internacional Puente Foral. C"]
[Site "Huarte (Navarra)"]
[Date "2007.12.04"]
[Round "3.1"]
[White "Leon Fernandez, Mario"]
[Black "Prats Rodriguez, Juan Bosco"]
[Result "1-0"]
[WhiteElo "2089"]
[BlackElo "2131"]
[PlyCount "69"]
[EventDate "2007.12.02"]

1. d4 d5 2. Nf3 Nf6 3. g3 Bf5 4. Bg2 e6 5. c4 c6 6. O-O Be7 7. Nc3 h6 8. Re1
O-O 9. Ne5 Nbd7 10. Bf4 Re8 11. Qb3 Qb6 12. Nxd7 Nxd7 13. e4 dxe4 14. Nxe4 Qxb3
15. axb3 Bb4 16. Nd6 Bxe1 17. Nxe8 Rxe8 18. Rxe1 Nf6 19. d5 exd5 20. Rxe8+ Nxe8
21. cxd5 cxd5 22. Bxd5 Be6 23. Bxb7 Bxb3 24. Ba6 Nf6 25. Bb8 Nd7 26. Bxa7 Ne5
27. h4 g5 28. hxg5 hxg5 29. Kf1 f5 30. Ke2 Kf7 31. Kd2 f4 32. gxf4 gxf4 33. Kc3
Bd5 34. Kd4 Ke6 35. Bc8+ 1-0

[Event "II Torneo Internacional Puente Foral. C"]
[Site "Huarte (Navarra)"]
[Date "2007.12.04"]
[Round "3.2"]
[White "Relea, Nicolas"]
[Black "Cemborain Oricain, Alfonso"]
[Result "1-0"]
[WhiteElo "2163"]
[BlackElo "2081"]
[PlyCount "102"]
[EventDate "2007.12.02"]

1. Nc3 d5 2. e4 c6 3. Nf3 Bg4 4. h3 Bxf3 5. Qxf3 e6 6. exd5 cxd5 7. Bb5+ Nc6 8.
O-O Nge7 9. Ne2 a6 10. Ba4 b5 11. Bb3 Na5 12. d4 Nf5 13. c3 Nxb3 14. axb3 Be7
15. c4 O-O 16. c5 Bf6 17. Qd3 Ne7 18. f4 g6 19. Kh1 Bg7 20. Bd2 Qd7 21. b4 Ra7
22. Ng1 Nf5 23. Bc3 Rb8 24. g4 Ne7 25. Nf3 Nc6 26. Ne5 Nxe5 27. dxe5 Qc7 28.
Bd4 Raa8 29. Qg3 a5 30. bxa5 Rxa5 31. b4 Ra4 32. Rxa4 bxa4 33. Rb1 Qc6 34. Qd3
Rb5 35. Kh2 Bf8 36. f5 Qa6 37. fxe6 fxe6 38. Rf1 Qb7 39. Qf3 Bg7 40. Qc3 Qc6
41. Ra1 Rb8 42. Qa3 Ra8 43. Qc3 Rb8 44. Rb1 Rb5 45. h4 Qb7 46. Be3 Qc6 47. g5
Qb7 48. Kh3 Qc6 49. h5 gxh5 50. g6 hxg6 51. Rg1 Rb7 1-0

[Event "II Torneo Internacional Puente Foral. C"]
[Site "Huarte (Navarra)"]
[Date "2007.12.04"]
[Round "3.3"]
[White "Antunez Riezu, Joaquin"]
[Black "Perez De Miguel, alvaro"]
[Result "0-1"]
[WhiteElo "2129"]
[BlackElo "2123"]
[PlyCount "81"]
[EventDate "2007.12.02"]

1. e4 c6 2. d4 d5 3. Nc3 dxe4 4. Bc4 Nf6 5. Bg5 Bf5 6. Nge2 e6 7. h3 h6 8. Bh4
Bd6 9. Qd2 Nbd7 10. g4 Bh7 11. a4 Nb6 12. Bb3 Nbd5 13. a5 Qc7 14. Bxf6 Nxf6 15.
Ra4 Nd5 16. Nxd5 exd5 17. c4 dxc4 18. Rxc4 O-O 19. Bc2 Bg6 20. Rg1 Rae8 21. h4
f6 22. d5 Qe7 23. dxc6 bxc6 24. Qe3 Qe5 25. Rxc6 Bb4+ 26. Kf1 Qxa5 27. g5 hxg5
28. hxg5 Bd2 29. Qh3 Bxg5 30. Rh1 Bh6 31. Rg1 Qf5 32. Qg3 Kh7 33. b4 Qh5 34. f4
Bf5 35. Ke1 Qh3 36. Nd4 Qxg3+ 37. Rxg3 Bd7 38. Rc5 Bxf4 39. Rh5+ Bh6 40. Rgh3
Kg6 41. Rd5 0-1

[Event "II Torneo Internacional Puente Foral. C"]
[Site "Huarte (Navarra)"]
[Date "2007.12.04"]
[Round "3.4"]
[White "Mombiela Martinez, Gonzalo"]
[Black "Jimenez Martin, Gustavo"]
[Result "1/2-1/2"]
[WhiteElo "2093"]
[BlackElo "2119"]
[PlyCount "90"]
[EventDate "2007.12.02"]

1. d4 Nf6 2. e3 d5 3. Bd3 Nbd7 4. f4 e6 5. Nf3 c5 6. c3 Bd6 7. O-O Qc7 8. Ne5
O-O 9. Nd2 b6 10. Qf3 a5 11. Qe2 Bb7 12. Ndf3 Ne4 13. Nxd7 Qxd7 14. Ne5 Qc7 15.
Bd2 f6 16. Nf3 e5 17. g3 Rae8 18. Bxe4 dxe4 19. Nh4 exf4 20. gxf4 f5 21. Be1
Qc8 22. Rf2 Re7 23. Rg2 Rc7 24. Qc4+ Kh8 25. Rg3 g6 26. Rd1 Be7 27. Rh3 Kg7 28.
d5 Qd8 29. Qb3 c4 30. Qxb6 Rd7 31. Qd4+ Bf6 32. Qxc4 Bxd5 33. Qb5 Bc6 34. Rxd7+
Qxd7 35. Qe2 Rd8 36. Ng2 a4 37. Rg3 {(=)} Qe6 38. c4 Rb8 39. Bc3 Bxc3 40. bxc3
a3 41. Ne1 Rb2 42. Qd1 Qxc4 43. Qd6 Be8 44. Qxa3 Rxa2 45. Qe7+ Bf7 1/2-1/2

[Event "II Torneo Internacional Puente Foral. C"]
[Site "Huarte (Navarra)"]
[Date "2007.12.05"]
[Round "4.1"]
[White "Prats Rodriguez, Juan Bosco"]
[Black "Jimenez Martin, Gustavo"]
[Result "1-0"]
[WhiteElo "2131"]
[BlackElo "2119"]
[PlyCount "145"]
[EventDate "2007.12.02"]

1. e4 e5 2. Nf3 Nc6 3. Bc4 Nf6 4. d4 exd4 5. e5 Ng4 6. Qe2 Qe7 7. Bf4 d6 8.
exd6 Qxe2+ 9. Bxe2 Bxd6 10. Bxd6 cxd6 11. Na3 Nge5 12. Rd1 d3 13. cxd3 Ke7 14.
d4 Ng6 15. O-O Rd8 16. Rfe1 Kf8 17. h3 d5 18. Bd3 f6 19. Nb5 Kf7 20. Bb1 Nce7
21. Rc1 a6 22. Nc3 b5 23. Ne2 Be6 24. Rc5 Rac8 25. Rec1 Nf8 26. Nf4 g6 27. a3
Nd7 28. Rxc8 Rxc8 29. Rxc8 Nxc8 30. Bd3 Ncb6 31. b3 Ke7 32. Kf1 Bf7 33. h4 Kd6
34. Ke2 Kc6 35. Kd2 a5 36. Kc3 Nf8 37. g4 Nfd7 38. g5 f5 39. h5 Nc8 40. hxg6
hxg6 41. Nh4 Nf8 42. Nf3 Nd7 43. Bc2 Nd6 44. Nh4 Nf8 45. f3 Kb6 46. Nd3 Nd7 47.
Ne5 Nxe5 48. dxe5 Ne8 49. e6 Bxe6 50. Nxg6 Kc6 51. Kd4 Kd6 52. b4 axb4 53. axb4
Ng7 54. Bd3 Bd7 55. Nf4 Ne6+ 56. Nxe6 Kxe6 57. f4 Kd6 58. g6 Ke6 59. g7 Kf7 60.
g8=Q+ Kxg8 61. Kxd5 Kg7 62. Kd6 Bc8 63. Bxb5 Kg6 64. Bc6 Kh5 65. Bd7 Bxd7 66.
Kxd7 Kg4 67. b5 Kxf4 68. b6 Ke3 69. b7 f4 70. b8=Q f3 71. Qe5+ Kf2 72. Qf4 Kg2
73. Qg4+ 1-0

[Event "II Torneo Internacional Puente Foral. C"]
[Site "Huarte (Navarra)"]
[Date "2007.12.05"]
[Round "4.2"]
[White "Perez De Miguel, alvaro"]
[Black "Mombiela Martinez, Gonzalo"]
[Result "1-0"]
[WhiteElo "2123"]
[BlackElo "2093"]
[PlyCount "71"]
[EventDate "2007.12.02"]

1. d4 Nf6 2. Nf3 c5 3. d5 g6 4. c4 b5 5. a4 b4 6. Qc2 Bg7 7. e4 d6 8. Bd3 Nbd7
9. O-O O-O 10. Bf4 Nh5 11. Be3 Nhf6 12. h3 Qc7 13. Nbd2 h6 14. Nh4 Ne5 15. f4
Nxd3 16. Qxd3 Nh7 17. Rab1 Bd7 18. b3 Rae8 19. e5 dxe5 20. fxe5 Bxe5 21. Bxh6
Bg7 22. Bxg7 Kxg7 23. Rbe1 Nf6 24. Qf3 Qd6 25. Qf2 a5 26. Nhf3 Bf5 27. Ne5 Rh8
28. Re3 Ref8 29. Qe1 Rh7 30. Ndf3 Kg8 31. Ng5 Rg7 32. g4 Bc8 33. Nc6 e5 34.
Rxe5 Nh7 35. Ne7+ Kh8 36. Nxc8 1-0

[Event "II Torneo Internacional Puente Foral. C"]
[Site "Huarte (Navarra)"]
[Date "2007.12.05"]
[Round "4.3"]
[White "Cemborain Oricain, Alfonso"]
[Black "Antunez Riezu, Joaquin"]
[Result "0-1"]
[WhiteElo "2081"]
[BlackElo "2129"]
[PlyCount "80"]
[EventDate "2007.12.02"]

1. e4 c5 2. c3 b6 3. d4 e6 4. Nf3 Nf6 5. e5 Nd5 6. a3 Bb7 7. Bd3 h6 8. dxc5
Bxc5 9. c4 Nc7 10. Nc3 a5 11. Na4 Nba6 12. Nxc5 Nxc5 13. Bc2 N7a6 14. Qd4 Qc7
15. Bd2 a4 16. Be3 O-O-O 17. Rd1 Rhf8 18. Ke2 f6 19. Qd6 Bxf3+ 20. gxf3 fxe5
21. Rhg1 Qxd6 22. Rxd6 Kc7 23. Rgd1 Rf6 24. Be4 Rff8 25. R1d2 g5 26. h3 Rf7 27.
Ke1 Rb8 28. Ke2 Nb3 29. Rd1 Nac5 30. Bxc5 Nxc5 31. R6d2 Nb3 32. Rd3 Nd4+ 33.
Kf1 Kd6 34. Rxd4+ exd4 35. Rxd4+ Kc5 36. Rd3 Kxc4 37. Rc3+ Kd4 38. Ke2 d5 39.
Bc2 b5 40. Bd3 b4 0-1

[Event "II Torneo Internacional Puente Foral. C"]
[Site "Huarte (Navarra)"]
[Date "2007.12.05"]
[Round "4.4"]
[White "Leon Fernandez, Mario"]
[Black "Relea, Nicolas"]
[Result "1-0"]
[WhiteElo "2089"]
[BlackElo "2163"]
[PlyCount "68"]
[EventDate "2007.12.02"]

1. d4 b6 2. Nf3 e6 3. g3 Bb7 4. Bg2 Be7 5. c4 Nf6 6. Nc3 O-O 7. O-O c5 8. d5
exd5 9. cxd5 d6 10. Qb3 Nbd7 11. a4 a6 12. Nd2 Rb8 13. f4 b5 14. axb5 axb5 15.
e4 c4 16. Qc2 Qb6+ 17. Kh1 Ng4 18. Nf3 Nc5 19. h3 Nb3 20. Rb1 Nxc1 21. Rbxc1
Ne3 22. Qf2 Ba8 23. Rfe1 Nxg2 24. Kxg2 Rfc8 25. Nd4 b4 26. Ncb5 Rc5 27. Nf5 Bf6
28. Nbxd6 g6 29. Ne3 Bxb2 30. Rxc4 Rxc4 31. Ndxc4 Bc3 32. Rb1 Bb7 33. Kg1 Bc8
34. g4 Ra8 1-0

[Event "II Torneo Internacional Puente Foral. C"]
[Site "Huarte (Navarra)"]
[Date "2007.12.06"]
[Round "5.1"]
[White "Relea, Nicolas"]
[Black "Prats Rodriguez, Juan Bosco"]
[Result "1-0"]
[WhiteElo "2163"]
[BlackElo "2131"]
[PlyCount "85"]
[EventDate "2007.12.02"]

1. Nc3 d5 2. e4 dxe4 3. Nxe4 e5 4. Bc4 Nc6 5. d3 Be7 6. h4 Nf6 7. Ng5 O-O 8.
Bd2 g6 9. a3 Bc5 10. Be3 Qe7 11. Qd2 Bf5 12. f3 Bxe3 13. Qxe3 Nd4 14. Qd2 b5
15. Ba2 Rad8 16. O-O-O c5 17. Ne2 c4 18. Nxd4 Rxd4 19. g4 Bc8 20. Qe2 c3 21.
bxc3 Qxa3+ 22. Kd2 Rd7 23. Ra1 Qc5 24. Rhe1 b4 25. Qxe5 bxc3+ 26. Qxc3 Qf2+ 27.
Re2 Qxh4 28. Qe5 h6 29. Ne4 Nxe4+ 30. Rxe4 Qf2+ 31. Re2 Qxf3 32. g5 hxg5 33.
Qxg5 Rd4 34. Rae1 Rg4 35. Qe5 Rg2 36. Bd5 Rxe2+ 37. Rxe2 Qh3 38. c4 Qh6+ 39.
Kc2 Bd7 40. Rh2 Ba4+ 41. Kc3 Qc1+ 42. Kb4 Qd1 43. Rg2 1-0

[Event "II Torneo Internacional Puente Foral. C"]
[Site "Huarte (Navarra)"]
[Date "2007.12.06"]
[Round "5.2"]
[White "Antunez Riezu, Joaquin"]
[Black "Leon Fernandez, Mario"]
[Result "1-0"]
[WhiteElo "2129"]
[BlackElo "2089"]
[PlyCount "65"]
[EventDate "2007.12.02"]

1. d4 Nf6 2. Nc3 d5 3. Bg5 Bf5 4. f3 Bg6 5. Nh3 c6 6. Qd2 Nbd7 7. Nf2 e5 8. e3
Qc7 9. g4 exd4 10. exd4 O-O-O 11. h4 h5 12. O-O-O Bd6 13. Kb1 Nb6 14. Bd3 Rde8
15. Bxg6 fxg6 16. Qd3 Nc4 17. Bc1 Bb4 18. Rde1 Qb6 19. Rxe8+ Rxe8 20. g5 Nd7
21. Qxg6 Re7 22. Qd3 Ba3 23. Nfd1 Qb4 24. Ka1 Bxb2+ 25. Bxb2 Re3 26. Qxc4 dxc4
27. Nxe3 a5 28. Rd1 b5 29. d5 Qc5 30. dxc6 Nb6 31. Ncd5 Na4 32. Nf5 Kb8 33.
Be5+ 1-0

[Event "II Torneo Internacional Puente Foral. C"]
[Site "Huarte (Navarra)"]
[Date "2007.12.06"]
[Round "5.3"]
[White "Mombiela Martinez, Gonzalo"]
[Black "Cemborain Oricain, Alfonso"]
[Result "1/2-1/2"]
[WhiteElo "2093"]
[BlackElo "2081"]
[PlyCount "85"]
[EventDate "2007.12.02"]

1. d4 d5 2. Nc3 Nf6 3. Bg5 Nbd7 4. Qd3 e6 5. e4 dxe4 6. Nxe4 Be7 7. Nxf6+ Bxf6
8. Bxf6 Qxf6 9. Nf3 O-O 10. O-O-O c5 11. Qe3 b6 12. d5 e5 13. Bd3 Qd6 14. Rhe1
Re8 15. c4 e4 16. Ng5 f5 17. g4 h6 18. Nh3 Nf6 19. Be2 Nxg4 20. Bxg4 fxg4 21.
Nf4 Bf5 22. Nh5 a6 23. Ng3 Bg6 24. Re2 b5 25. Qc3 bxc4 26. Re3 Rab8 27. Qxc4
Rb4 28. Qc2 Rd4 29. Rde1 Qxd5 30. Ne2 Rd3 31. Nf4 Qg5 32. Nxd3 exd3 33. Qd2 Rc8
34. Re6 Bf7 35. Qxg5 hxg5 36. Rxa6 c4 37. Kd2 Rc7 38. Re5 Rb7 39. Kc3 Rd7 40.
Re1 Bh5 41. Kd2 Rb7 42. Kc3 Rd7 43. Kd2 1/2-1/2

[Event "II Torneo Internacional Puente Foral. C"]
[Site "Huarte (Navarra)"]
[Date "2007.12.06"]
[Round "5.4"]
[White "Jimenez Martin, Gustavo"]
[Black "Perez De Miguel, alvaro"]
[Result "1/2-1/2"]
[WhiteElo "2119"]
[BlackElo "2123"]
[PlyCount "39"]
[EventDate "2007.12.02"]

1. d4 d5 2. Nc3 Nf6 3. Bg5 e6 4. e4 dxe4 5. Nxe4 Be7 6. Bxf6 Bxf6 7. Nf3 Bd7 8.
Bd3 Bc6 9. c3 Bxe4 10. Bxe4 c6 11. Qc2 Nd7 12. O-O Qc7 13. b4 g6 14. a4 O-O 15.
a5 a6 16. Rfd1 Bg7 17. g3 e5 18. dxe5 Nxe5 19. Nxe5 Qxe5 20. Rac1 1/2-1/2

[Event "II Torneo Internacional Puente Foral. C"]
[Site "Huarte (Navarra)"]
[Date "2007.12.07"]
[Round "6.1"]
[White "Prats Rodriguez, Juan Bosco"]
[Black "Perez De Miguel, alvaro"]
[Result "1-0"]
[WhiteElo "2131"]
[BlackElo "2123"]
[PlyCount "105"]
[EventDate "2007.12.02"]

1. e4 c6 2. d3 d5 3. Nd2 e5 4. Ngf3 Bd6 5. g3 Nf6 6. Bg2 O-O 7. h3 Re8 8. O-O
Nbd7 9. Re1 a5 10. a4 Nf8 11. b3 Ng6 12. Bb2 Bd7 13. Kh2 h5 14. d4 Nxe4 15.
Nxe4 dxe4 16. Nxe5 Nxe5 17. dxe5 Bxe5 18. Bxe5 Rxe5 19. Rxe4 Rxe4 20. Bxe4 Qf6
21. Qxd7 Qxa1 22. Qxb7 Rd8 23. Qe7 Qf6 24. Qxf6 gxf6 25. Bd3 Rd5 26. h4 Kf8 27.
Kg2 Ke7 28. Kf1 Kd6 29. Ke2 Kc5 30. Bc4 Rd7 31. c3 Re7+ 32. Kd2 Rb7 33. Kc2 Re7
34. Kd2 f5 35. Be2 f6 36. Bxh5 f4 37. Bg6 fxg3 38. fxg3 Rb7 39. Kc2 Kd5 40. h5
Rg7 41. Kd3 c5 42. g4 Kd6 43. Kc4 Kc6 44. Bf5 Re7 45. h6 Re2 46. h7 Rh2 47. Bg6
Rh6 48. Be4+ Kb6 49. Kd5 Rh3 50. Ke6 c4 51. bxc4 Kc5 52. Kxf6 Rh4 53. Bf5 1-0

[Event "II Torneo Internacional Puente Foral. C"]
[Site "Huarte (Navarra)"]
[Date "2007.12.07"]
[Round "6.2"]
[White "Cemborain Oricain, Alfonso"]
[Black "Jimenez Martin, Gustavo"]
[Result "1/2-1/2"]
[WhiteElo "2081"]
[BlackElo "2119"]
[PlyCount "71"]
[EventDate "2007.12.02"]

1. e4 Nf6 2. e5 Nd5 3. d4 d6 4. c4 Nb6 5. f4 dxe5 6. fxe5 Nc6 7. Be3 Bf5 8. Nf3
e6 9. a3 Be7 10. Nc3 f6 11. Be2 Bg4 12. exf6 Bxf6 13. Ne5 Bxe2 14. Qxe2 Nxd4
15. Qh5+ g6 16. Nxg6 hxg6 17. Qxg6+ Ke7 18. O-O Nf5 19. Bc5+ Nd6 20. Qxf6+ Kd7
21. b3 Qg8 22. Bxd6 cxd6 23. Qf7+ Qxf7 24. Rxf7+ Kc6 25. Raf1 Rad8 26. Rg7 Rd7
27. Rff7 a6 28. h3 Rxf7 29. Rxf7 d5 30. cxd5+ exd5 31. Kf2 Nd7 32. Nxd5 Nc5 33.
Ne7+ Kd6 34. b4 Ne4+ 35. Kg1 Ke6 36. Rf1 1/2-1/2

[Event "II Torneo Internacional Puente Foral. C"]
[Site "Huarte (Navarra)"]
[Date "2007.12.07"]
[Round "6.3"]
[White "Leon Fernandez, Mario"]
[Black "Mombiela Martinez, Gonzalo"]
[Result "1-0"]
[WhiteElo "2089"]
[BlackElo "2093"]
[PlyCount "83"]
[EventDate "2007.12.02"]

1. d4 d5 2. c4 c6 3. cxd5 cxd5 4. Nc3 e6 5. Bf4 Nf6 6. e3 Bd6 7. Bxd6 Qxd6 8.
f4 Nc6 9. Nf3 O-O 10. Bd3 Ng4 11. Bxh7+ Kh8 12. Ng5 Nh6 13. Bc2 f6 14. Nf3 Bd7
15. a3 Na5 16. Qd3 f5 17. Ne5 Kg8 18. O-O Rac8 19. Qe2 Nc4 20. Bd3 Nxe5 21.
fxe5 Qe7 22. Qf3 g5 23. Rac1 a6 24. Ne2 Kg7 25. Rxc8 Rxc8 26. Rc1 Bc6 27. Ng3
Rh8 28. Nh5+ Kf7 29. Nf6 g4 30. Qf4 Qd8 31. Qf2 a5 32. b4 axb4 33. axb4 Qa8 34.
b5 Qa3 35. Qd2 Be8 36. Rc7+ Kg6 37. Rxb7 Qa1+ 38. Bf1 g3 39. hxg3 Bf7 40. Qe2
Qc1 41. Qh5+ Kg7 42. Qg5+ 1-0

[Event "II Torneo Internacional Puente Foral. C"]
[Site "Huarte (Navarra)"]
[Date "2007.12.07"]
[Round "6.4"]
[White "Relea, Nicolas"]
[Black "Antunez Riezu, Joaquin"]
[Result "1/2-1/2"]
[WhiteElo "2163"]
[BlackElo "2129"]
[PlyCount "116"]
[EventDate "2007.12.02"]

1. e4 d6 2. d4 Nd7 3. Nc3 e5 4. Be3 Ngf6 5. f3 Be7 6. Nge2 c6 7. Qd2 Qc7 8. g4
Nb6 9. Ng3 h6 10. O-O-O Bd7 11. dxe5 dxe5 12. Nf5 Bxf5 13. gxf5 Nfd7 14. Rg1
Bf6 15. Nb1 O-O-O 16. Bd3 Kb8 17. Na3 Rhe8 18. Kb1 Nc8 19. Nc4 Ndb6 20. Na5 Rd7
21. c4 Red8 22. Qc2 Na8 23. Nb3 b6 24. c5 Qb7 25. a4 Nc7 26. cxb6 axb6 27. Rd2
Bg5 28. Bxg5 hxg5 29. Rgd1 Rd6 30. a5 Qa7 31. axb6 Qxb6 32. Bc4 f6 33. Qc3 Nb5
34. Bxb5 Rxd2 35. Rxd2 Rxd2 36. Qxd2 Qxb5 37. Qc3 Nb6 38. Na5 c5 39. b3 Kc7 40.
Ka2 Qb4 41. Qxb4 cxb4 42. Nc4 Nd7 43. Kb2 Kc6 44. Kc2 Kc5 45. Kd3 Nb8 46. Nd2
Nc6 47. Ke3 Nd4 48. Kd3 Nb5 49. Nc4 Na3 50. Nxa3 bxa3 51. Kc3 Kb5 52. h3 Kc5
53. b4+ Kb5 54. Kb3 a2 55. Kxa2 Kxb4 56. Kb2 Kc4 57. Kc2 Kb4 58. Kb2 Kc4
1/2-1/2

[Event "II Torneo Internacional Puente Foral. C"]
[Site "Huarte (Navarra)"]
[Date "2007.12.08"]
[Round "7.1"]
[White "Antunez Riezu, Joaquin"]
[Black "Prats Rodriguez, Juan Bosco"]
[Result "1-0"]
[WhiteElo "2129"]
[BlackElo "2131"]
[PlyCount "53"]
[EventDate "2007.12.02"]

1. e4 c5 2. Nf3 Nc6 3. Bc4 e6 4. Nc3 a6 5. a4 d6 6. d3 Be7 7. O-O e5 8. h3 Nf6
9. Ng5 O-O 10. f4 Nd4 11. f5 Bd7 12. Nf3 b5 13. axb5 axb5 14. Rxa8 Qxa8 15. Bd5
Qa7 16. Kh2 b4 17. Nxd4 exd4 18. Ne2 Nxd5 19. exd5 Bf6 20. Bf4 Be5 21. Bxe5
dxe5 22. f6 g6 23. Qd2 Kh8 24. Ng3 Rg8 25. Qh6 Qb8 26. Ne4 Qf8 27. Ng5 1-0

[Event "II Torneo Internacional Puente Foral. C"]
[Site "Huarte (Navarra)"]
[Date "2007.12.08"]
[Round "7.2"]
[White "Mombiela Martinez, Gonzalo"]
[Black "Relea, Nicolas"]
[Result "0-1"]
[WhiteElo "2093"]
[BlackElo "2163"]
[PlyCount "79"]
[EventDate "2007.12.02"]

1. e4 d5 2. exd5 Qxd5 3. Nc3 Qa5 4. d4 Nf6 5. Bc4 Bg4 6. Nge2 Nc6 7. f3 Bh5 8.
O-O O-O-O 9. Be3 e5 10. Bf2 exd4 11. Nb5 a6 12. Nbxd4 Ne5 13. Bd3 Nxd3 14. Qxd3
Bg6 15. Qc3 Bb4 16. Qc4 Rhe8 17. c3 Bd6 18. Ng3 h5 19. b4 Qd5 20. Qxd5 Nxd5 21.
Rac1 Bf4 22. Ra1 Nxc3 23. a4 Be5 24. Ra3 Nb1 25. Rxb1 Bxb1 26. Nge2 Bd6 27. Rb3
Ba2 28. Rb2 Bc4 29. g3 b5 30. axb5 axb5 31. Kg2 Kb7 32. f4 Ra8 33. Nc3 c6 34.
Nf5 Bf8 35. Bc5 Bxc5 36. bxc5 Kc7 37. Kf2 Ra6 38. Nd6 Rb8 39. Rc2 b4 40. Nxc4
0-1

[Event "II Torneo Internacional Puente Foral. C"]
[Site "Huarte (Navarra)"]
[Date "2007.12.08"]
[Round "7.3"]
[White "Jimenez Martin, Gustavo"]
[Black "Leon Fernandez, Mario"]
[Result "1-0"]
[WhiteElo "2119"]
[BlackElo "2089"]
[PlyCount "101"]
[EventDate "2007.12.02"]

1. d4 d5 2. Nc3 Nf6 3. Bg5 Bf5 4. Bxf6 exf6 5. e3 c6 6. Bd3 Bxd3 7. Qxd3 Nd7 8.
Nge2 Bd6 9. e4 dxe4 10. Nxe4 Bc7 11. N2g3 O-O 12. O-O-O Re8 13. h4 Nf8 14. Kb1
Ne6 15. Nh5 Nf4 16. Nxf4 Bxf4 17. Qf3 Qe7 18. Rhe1 Qc7 19. g3 Bh6 20. Qh5 Re6
21. Nc5 Rxe1 22. Rxe1 Rf8 23. Qe2 b6 24. Nd3 Qd7 25. c3 a5 26. Qe7 Qf5 27. Qe4
Qb5 28. f4 g6 29. h5 Rc8 30. hxg6 hxg6 31. g4 a4 32. f5 g5 33. Rh1 Bf8 34. Re1
Rc7 35. Qf3 Qc4 36. Nf2 b5 37. Qd3 Qd5 38. Ne4 Kg7 39. Rh1 Re7 40. Ng3 Kg8 41.
Qd1 Re3 42. Nh5 Be7 43. a3 Qe4+ 44. Ka1 Kf8 45. Rg1 Bd6 46. Nxf6 Qe7 47. Qd2
Re2 48. Qxg5 Re1+ 49. Ka2 Qe3 50. Qg8+ Ke7 51. Rxe1 1-0

[Event "II Torneo Internacional Puente Foral. C"]
[Site "Huarte (Navarra)"]
[Date "2007.12.08"]
[Round "7.4"]
[White "Perez De Miguel, alvaro"]
[Black "Cemborain Oricain, Alfonso"]
[Result "1-0"]
[WhiteElo "2123"]
[BlackElo "2081"]
[PlyCount "57"]
[EventDate "2007.12.02"]

1. d4 d5 2. Nf3 Nf6 3. e3 e6 4. Bd3 Be7 5. Nbd2 O-O 6. O-O c5 7. c3 Nbd7 8. Qe2
Bd6 9. e4 dxe4 10. Nxe4 Nxe4 11. Qxe4 g6 12. Bg5 Be7 13. Qh4 Re8 14. Rae1 cxd4
15. cxd4 Nf8 16. Re3 a5 17. Rd1 a4 18. Qh6 Ra5 19. Bxe7 Qxe7 20. Ne5 f6 21. Ng4
Rh5 22. Qf4 Kg7 23. Rc1 Nd7 24. h3 g5 25. Qf3 Qf7 26. Rc7 Rh4 27. Qg3 h5 28.
Ne5 Qe7 29. Ng6 1-0

[Event "II Torneo Internacional Puente Foral. D"]
[Site "Huarte (Navarra)"]
[Date "2007.12.02"]
[Round "1.1"]
[White "Iza Abete, Amaia"]
[Black "Anguas Fanlo, Sergio"]
[Result "1/2-1/2"]
[WhiteElo "2054"]
[BlackElo "2048"]
[PlyCount "24"]
[EventDate "2007.12.02"]

1. e4 e6 2. d4 d5 3. exd5 exd5 4. Bd3 Bd6 5. Nf3 Nf6 6. O-O O-O 7. c3 h6 8. h3
Be6 9. Nbd2 Nbd7 10. Re1 Re8 11. Nf1 c6 12. Ne3 Qc7 1/2-1/2

[Event "II Torneo Internacional Puente Foral. D"]
[Site "Huarte (Navarra)"]
[Date "2007.12.02"]
[Round "1.2"]
[White "Ruiz Escobar, Rafael"]
[Black "Aguinaga Ruiz, Jesus Luis"]
[Result "1-0"]
[WhiteElo "2002"]
[BlackElo "2063"]
[PlyCount "115"]
[EventDate "2007.12.02"]

1. d4 e6 2. c4 b6 3. Nf3 Bb7 4. g3 f5 5. Bg2 Nf6 6. Nc3 Be7 7. O-O O-O 8. Re1
Ne4 9. Qc2 Na6 10. a3 Nxc3 11. Qxc3 Bf6 12. Bf4 g5 13. Be5 Bxe5 14. Nxe5 Bxg2
15. Kxg2 d6 16. Nc6 Qf6 17. e4 fxe4 18. Qe3 Qf3+ 19. Kg1 Qxe3 20. Rxe3 d5 21.
b4 Nb8 22. cxd5 Nxc6 23. dxc6 Rf6 24. Rxe4 a5 25. b5 Rd8 26. Rae1 Kf7 27. Kg2
Rd5 28. a4 Rdf5 29. R1e2 Rd5 30. h4 h6 31. hxg5 hxg5 32. g4 Kg6 33. R2e3 Kg7
34. Rf3 Rh6 35. Rd3 Kf6 36. Rde3 Ke7 37. Rh3 Rxh3 38. Kxh3 Rd8 39. Kg3 Kf6 40.
Kf3 Rh8 41. Kg3 Rh1 42. f4 Rg1+ 43. Kh3 Rd1 44. Kg3 Rd3+ 45. Kf2 Ra3 46. fxg5+
Kxg5 47. Rxe6 Rxa4 48. Ke3 Rb4 49. Re7 Rxb5 50. Rxc7 Kf6 51. Rd7 Rb3+ 52. Kf4
Rc3 53. g5+ Kg6 54. d5 Rc4+ 55. Ke5 Kxg5 56. Rb7 Rb4 57. c7 Rc4 58. d6 1-0

[Event "II Torneo Internacional Puente Foral. D"]
[Site "Huarte (Navarra)"]
[Date "2007.12.02"]
[Round "1.3"]
[White "Mauleon Gutierrez, Iraitz"]
[Black "Apesteguia Domaica, Jose Antoni"]
[Result "1-0"]
[WhiteElo "1842"]
[BlackElo "1885"]
[PlyCount "101"]
[EventDate "2007.12.02"]

1. e4 d6 2. d4 Nf6 3. Nc3 g6 4. f4 Bg4 5. Be2 Qd7 6. Nf3 Bxf3 7. Bxf3 c6 8. Be3
Bg7 9. O-O O-O 10. g4 Qc7 11. f5 Nbd7 12. Qd2 Nb6 13. b3 Nfd7 14. Bh6 c5 15.
Nb5 Qd8 16. c4 Bxh6 17. Qxh6 a6 18. Nc3 cxd4 19. Ne2 d3 20. Nf4 Ne5 21. h4 Kh8
22. h5 Rg8 23. Kf2 g5 24. Ng6+ fxg6 25. hxg6 Nxg6 26. Rh1 Nh4 27. Rxh4 gxh4 28.
Rh1 Qf8 29. Qxh4 Qg7 30. g5 Nd7 31. g6 Nf6 32. c5 Rgf8 33. e5 dxe5 34. Bxb7 Ra7
35. c6 e4 36. Qf4 e6 37. Qd6 exf5 38. Qc5 Rxb7 39. cxb7 Ng4+ 40. Kg2 Qb2+ 41.
Kf1 Qe2+ 42. Kg1 Qf2+ 43. Qxf2 Nxf2 44. Rxh7+ Kg8 45. g7 Rb8 46. Rh8+ Kxg7 47.
Rxb8 d2 48. Rd8 d1=Q+ 49. Rxd1 Nxd1 50. b8=Q Kf6 51. Qd6+ 1-0